01315cam a2200157 i 4500020004200000040000800042082002600050100002100076245003200097250002200129300005700151520085900208650002401067650004201091700002401133 a9780073523873 (pbk. : acidfree paper) cDLC00a302 MCG 2015 A113 Or.1 aHybels, Saundra.10aCommunicating effectively / aEleventh edition. a1 volume (various pagings) :billustrations ;c26 cm a"Communicating Effectively, Eleventh Edition, is written for students taking speech communication classes for the first time. The book covers the theory and practice of communication, first by examining the communication process, second by discussing interpersonal communication, third by looking at other forms of communication including group, intercultural, and professional communication. Communication that occurs on the Internet is covered in a new online chapter, "Communication and Technology." The theory and practice of communication is covered, fourth, through a thorough examination of public communication. The overall approach of the book is pragmatic, so that students can not only see but also appreciate the practical application of the ideas, concepts, and theories in their own lives and in the lives of people who are close to them"-- 0aOral communication. 7aLANGUAGE ARTS & DISCIPLINES / Speech.1 aWeaver, Richard L.,